Bosna i Hercegovina - Gradovi i općine - Statistics

General Stats
  • This quiz has been taken 3 490 times
    3 427 since last reset
  • The average score is 71 of 145
Answers on the Map
Answers color-coded by a green-red scale on the quiz's map according to % correct below.
 
Answer Stats
Grad/Općina % Correct
Mostar
90%
Bihać
86%
SARAJEVO
86%
Tuzla
86%
Banja Luka
85%
Brčko
82%
Zenica
81%
Neum
78%
Trebinje
77%
Cazin
75%
Doboj
75%
Jajce
75%
Livno
75%
Travnik
75%
Bijeljina
73%
Foča-Ustikolina (FBiH)
71%
Srebrenica
69%
Foča (RS)
68%
Konjic
68%
Prijedor
67%
Tomislavgrad
67%
Brod
65%
Bugojno
64%
Jablanica
64%
Ilidža
63%
Čapljina
62%
Sanski Most
62%
Velika Kladuša
62%
Zvornik
62%
Goražde
61%
Novi Grad
61%
Gornji Vakuf-Uskoplje
60%
Ključ
60%
Široki Brijeg
60%
Donji Vakuf
59%
Visoko
59%
Vitez
59%
Gradiška
58%
Bosanska Krupa
57%
Orašje
57%
Derventa
56%
Drvar
56%
Gradačac
56%
Istočno Sarajevo
56%
Kakanj
56%
Prozor-Rama
56%
Srebrenik
56%
Stolac
56%
Kupres (FBiH)
55%
Kupres (RS)
55%
Novi Travnik
55%
Pale-Prača (FBiH)
55%
Pale (RS)
55%
Višegrad
55%
Kiseljak
54%
Žepče
54%
Bosansko Grahovo
53%
Ljubuški
53%
Maglaj
53%
Nevesinje
53%
Tešanj
53%
Fojnica
52%
Gračanica
52%
Mrkonjić Grad
52%
Posušje
52%
Bileća
51%
Modriča
51%
Živinice
51%
Glamoč
50%
Odžak
50%
Zavidovići
50%
Čitluk
49%
Gacko
49%
Šamac
49%
Laktaši
48%
Prnjavor
48%
Teslić
48%
Bužim
47%
Olovo
47%
Bratunac
46%
Grude
46%
Hadžići
46%
Kalesija
46%
Vogošća
46%
Banovići
45%
Bosanski Petrovac
45%
Ilijaš
45%
Stari Grad (Sarajevo)
45%
Busovača
44%
Istočni Mostar
43%
Lukavac
43%
Ravno
43%
Centar (Sarajevo)
42%
Novo Sarajevo
42%
Šipovo
42%
Kozarska Dubica
41%
Ljubinje
41%
Doboj-Jug
40%
Doboj-Istok
39%
Kladanj
39%
Trnovo (FBiH)
38%
Trnovo (RS)
38%
Ugljevik
38%
Vareš
38%
Breza
37%
Han-Pijesak
37%
Kostajnica
37%
Kotor-Varoš
37%
Rogatica
37%
Kreševo
36%
Petrovac
36%
Rudo
36%
Sokolac
36%
Srbac
36%
Usora
36%
Vlasenica
36%
Čajniče
34%
Čelić
33%
Istočna Ilidža
33%
Kalinovik
33%
Lopare
33%
Berkovići
32%
Jezero
32%
Domaljevac-Šamac
31%
Istočni Drvar
31%
Kneževo
31%
Novo Goražde/Ustiprača
31%
Teočak
31%
Milići
30%
Čelinac
29%
Istočno Novo Sarajevo
29%
Krupa na Uni
29%
Sapna
29%
Dobretići
28%
Istočni Stari Grad
28%
Oštra Luka
27%
Osmaci
26%
Petrovo
26%
Šekovići
26%
Pelagićevo
25%
Ribnik
25%
Vukosavlje
25%
Donji Žabar
23%
Novi Grad (Sarajevo)
23%
Stanari
20%
No matching quizzes found
Score Distribution
Percent of People with Each Score
Percentile by Number Answered
Your Score History
You have not taken this quiz since the last reset